| 000 | 00563nam a2200193 4500 | ||
|---|---|---|---|
| 010 | _aA-943793 | ||
| 020 | _a8176480347 | ||
| 035 | _aA-943793 | ||
| 037 | _bCen Lib / Ret | ||
| 040 |
_aDPL _bEN |
||
| 082 |
_a647.94 _bCHA |
||
| 100 | _aChakravarti, B. K. | ||
| 245 |
_aHotel management theory / _cby B. K. Chakravati |
||
| 260 |
_aNew Delhi _bAPH Publishing Corporation _c1999 |
||
| 270 |
_a5, Ansari Road Daryaganj _bNew Delhi _e110002 |
||
| 300 |
_a(v 2. 854) _b24cm(Hb) |
||
| 650 | _aHotel management. | ||
| 942 |
_2ddc _cEN _h647.94 _mCHA |
||
| 999 |
_c136650 _d136650 |
||